Know the boundaries (Record no. 80675)

MARC details
000 -LEADER
fixed length control field 01516cab a22003135a 4500
001 - CONTROL NUMBER
control field L144986
008 - FIXED-LENGTH DATA ELEMENTS--GENERAL INFORMATION
fixed length control field 080828e20080823xxka f 000 0 eng d
035 ## - SYSTEM CONTROL NUMBER
System control number (Sirsi) u144986
041 0# - LANGUAGE CODE
Language code of text/sound track or separate title eng
100 1# - MAIN ENTRY--PERSONAL NAME
Personal name Small, Jonathan
245 00 - TITLE STATEMENT
Title Know the boundaries
260 ## - PUBLICATION, DISTRIBUTION, ETC.
Date of publication, distribution, etc. 2008
490 ## - SERIES STATEMENT
Series statement Estates Gazette
Volume/sequential designation (0833) 23 August 2008, 69-70(2)
520 ## - SUMMARY, ETC.
Summary, etc. Article discusses legal obstacles being faced by developers due to tough market conditions; in particular the complications that arise when buyers or developers decide to withdraw from conditional contracts for sale. Looks at conditions precedents (including conditions with reference to 'reasonable satisfaction') and also addresses obligations to discharge conditions and attempts to secure agreements in the courts.
650 24 - SUBJECT ADDED ENTRY--TOPICAL TERM
Topical term or geographic name entry element GLENMERE PLC V F STOKES & SONS LTD
650 24 - SUBJECT ADDED ENTRY--TOPICAL TERM
Topical term or geographic name entry element JOLLEY V CARMEL LTD
650 24 - SUBJECT ADDED ENTRY--TOPICAL TERM
Topical term or geographic name entry element LITTLE V COURAGE LTD
650 24 - SUBJECT ADDED ENTRY--TOPICAL TERM
Topical term or geographic name entry element LONDON & REGIONAL INVESTMENTS LTD V TBI PLC
650 24 - SUBJECT ADDED ENTRY--TOPICAL TERM
Topical term or geographic name entry element PHILLIPS PETROLEUM CO (UK) LTD V ENRON (EUROPE) LTD
650 24 - SUBJECT ADDED ENTRY--TOPICAL TERM
Topical term or geographic name entry element P&O PROPERTY HOLDINGS LTD V NORWICH UNION LIFE INSURANCE SOCIETY
650 24 - SUBJECT ADDED ENTRY--TOPICAL TERM
Topical term or geographic name entry element TESCO STORES V WILLIAM GIBSON & SON
650 24 - SUBJECT ADDED ENTRY--TOPICAL TERM
Topical term or geographic name entry element YEWBELLE LTD V LONDON GREEN DEVELOPMENTS LTD AND ANOTHER
650 24 - SUBJECT ADDED ENTRY--TOPICAL TERM
Topical term or geographic name entry element RHODIA INTERNATIONAL HOLDINGS LTD AND ANOTHER V HUNTSMAN INTERNATIONAL LLC
650 24 - SUBJECT ADDED ENTRY--TOPICAL TERM
Topical term or geographic name entry element RICS COMMERCIAL MARKET SURVEY UNITED KINGDOM
651 #4 - SUBJECT ADDED ENTRY--GEOGRAPHIC NAME
Geographic name United Kingdom
Chronological subdivision
690 ## - LOCAL SUBJECT ADDED ENTRY--TOPICAL TERM (OCLC, RLIN)
Topical term or geographic name as entry element Planning and development
9 (RLIN) 6259
700 1# - ADDED ENTRY--PERSONAL NAME
Personal name Radley-Gardner, Oliver
942 ## - ADDED ENTRY ELEMENTS (KOHA)
Suppress in OPAC 0
Holdings
Withdrawn status Lost status Source of classification or shelving scheme Damaged status Not for loan Home library Current library Shelving location Date acquired Total Checkouts Full call number Barcode Date last seen Copy number Price effective from Koha item type
    Dewey Decimal Classification     London London Journal article 28/08/2008   L144986 144986-2001 06/08/2019 1 06/08/2019 Journal article